El impacto económico de la actividad turística en las Islas Canaria diplomová práca

Guardado en:
Detalles Bibliográficos
Autor principal: Murová, Gabriela
Autor Corporativo: Fakulta aplikovaných jazykov EU v Bratislave. Katedra románskych a slovanských jazykov
Otros Autores: Varela Cano, Diana Patricia, 1964-
Formato: Libro
Lenguaje:español
Publicado: Bratislava 2018
Etiquetas: Agregar Etiqueta
Sin Etiquetas, Sea el primero en etiquetar este registro!

MARC

LEADER 00000nbm a2200000 4500
001 0244035
005 20181011145329.1
041 0 |a spa 
044 |a SK 
245 1 0 |a El impacto económico de la actividad turística en las Islas Canaria  |b diplomová práca  |c Gabriela Murová ; školiteľ: Diana Patricia Varela Cano 
264 1 |a Bratislava  |c 2018 
300 |a 76 s. 
100 1 |a Murová, Gabriela 
700 1 |a Varela Cano, Diana Patricia, 1964- 
710 2 |a Fakulta aplikovaných jazykov EU v Bratislave. Katedra románskych a slovanských jazykov